• 首页
  • 本馆介绍
  • 公告通知
  • 最新文献
  • 馆藏检索
  • 电子资源
  • 读者导购
  • 参考咨询
  • 我的图书馆
  • 登录
  • 详细信息显示
  • 放入我的书架
  • 预约/预借图书
  • 作者相关作品
  • 分类相关作品
  • 丛书相关作品
  • 出版社相关作品

书目信息

  • 表格格式
  • 工作单格式
  • 卡片格式
题名:
古德里安全传
    
 
作者: 林文力 著
分册:  
出版信息: 武汉   华中科技大学出版社  2015.3
页数: 260页
开本: 24cm
丛书名: 二战风云人物传记丛书
单 册:
中图分类: K835.165.2
科图分类:
主题词:
电子资源:
ISBN: 978-7-5680-0556-2
000 00968nam0 22002651 450
001 0102093645
005 20170405083505.03
010    @a978-7-5680-0556-2@dCNY38.00
100    @a20150505d2015 em y0chiy50 ea
101 0  @achi
102    @aCN@b420000
105    @ay z 000yb
106    @ar
200 1  @a古德里安全传@Agu de li an quan chuan@f林文力著
210    @a武汉@c华中科技大学出版社@d2015.3
215    @a260页@d24cm
225 2  @a二战风云人物传记丛书@Aer zhan feng yun ren wu chuan ji cong shu
330    @a本书以翔实的史料为依据,全面、系统的剖析了古德里安传奇的一生,展示出了他过人的智慧与高超的指挥艺术。内容包括坦克战锋芒初露;登上纳粹战车的新兵;闪击波兰;西线进攻等。
333    @a一般读者
461  0 @12001 @a二战风云人物传记丛书
600  0 @a古德里安@Agu de li an@c(Guderian,Heinz@f1888-1954)@x传记
690    @aK835.165.2@v5
701  0 @a林文力@Alin wen li@4著
801  0 @aCN@bTANGWEI@c20161122
905    @b0964639-41@dK835.165.2@e817@f3
    
    古德里安全传/林文力著.-武汉:华中科技大学出版社,2015.3
    260页;24cm.-(二战风云人物传记丛书)
    使用对象:一般读者
    
    ISBN 978-7-5680-0556-2:CNY38.00
    本书以翔实的史料为依据,全面、系统的剖析了古德里安传奇的一生,展示出了他过人的智慧与高超的指挥艺术。内容包括坦克战锋芒初露;登上纳粹战车的新兵;闪击波兰;西线进攻等。
●
相关链接 在E读中查询图书 在五车中查询图书 在当当中查询图书 在豆瓣中查询图书


正题名:古德里安全传     索取号:K835.165.2/817         预约/预借

序号 登录号 条形码 馆藏地/架位号 状态 备注
1 0964639   209646392   第二样本阅览室/ [索取号:K835.165.2/817] 在馆    
2 0964640   209646409   第二借阅区/ [索取号:K835.165.2/817] 在馆    
3 0964641   209646418   第二借阅区/ [索取号:K835.165.2/817] 在馆    
唐山师范学院图书馆 欢迎您!
大连网信软件有限公司© 版权所有